000 00691nam a2200241Ia 4500
003 OSt
005 20220923220809.0
006 a|||||r|||| 00| 0
007 ta
008 220922b |||||||| |||| 00| 0 hin d
024 _a190,532
037 _cTextual
040 _aARTS
_cARTS
_bhin
041 _2hin
_ahin
082 _aR6, 152J1-;1
100 _aमघुकर
245 0 _aभारतीय विचारघारा
246 _aBhāratīya vichāraghārā
260 _c1951
490 _aज्ञानपीठ लोकोदय ग्रन्थमाला; 10
942 _hR6, 152J1-;1
_cTEXL
_2CC
999 _c343307
_d343307